| 000 | 00445nam a2200145Ia 4500 | ||
|---|---|---|---|
| 008 | 200922s9999 xx 000 0 und d | ||
| 020 | _a978-981-4846-76-9 | ||
| 100 | _aStice, Earl K. | ||
| 245 |
_cEarl K. Stice, James D. Stice, W. Steve Albrecht, et.al. _aFinancial accounting: _bIFRS edition/ |
||
| 250 | _a2nd ed. | ||
| 260 |
_aSingapore: _bCENGAGE _c2019 |
||
| 300 |
_axxiii, 772 pages _c25 cm. |
||
| 650 | _aAccounting | ||
| 650 | _aBusiness | ||
| 999 |
_c364386 _d364386 |
||